Maiores Cidades Da Argentina - Statistics

Estatísticas Gerais
  • Esse quiz foi jogado 146 vezes
  • A pontuação média é 9 de 30
Estatísticas das Respostas
Pop. Cidade % Correto
2.93 M Buenos Aires
100%
1.61 M Córdoba
85%
852.500 La Plata
71%
1.33 M Rosario
70%
1.05 M Mendoza
57%
540.100 Santa Fe
50%
902.200 San Miguel de Tucumán
45%
626.300 Mar del Plata
34%
644.400 Salta
34%
401.800 Santiago del Estero
29%
393.300 Corrientes
28%
353.200 San Salvador de Jujuy
28%
361.400 Posadas
26%
512.200 San Juan
24%
299.900 Bahía Blanca
21%
288.200 Lanús
21%
230.900 Quilmes
21%
214.200 San Luis
19%
290.500 Paraná
18%
275.600 Neuquén
17%
254.900 Formosa
16%
219.700 La Rioja
16%
432.700 Resistencia
16%
222.600 Catamarca
13%
215.800 Comodoro Rivadavia
12%
263.100 Banfield
8%
302.300 Merlo
4%
346.800 Vicente López
3%
321.500 Pilar
2%
213.500 Gregorio de Laferrère
1%
Nenhum quiz correspondente encontrado
Distribuição das Pontuações
Porcentagem de Pessoas com Cada Pontuação
Percentil de Números Respondidos
Sua Pontuação Histórica
Você não jogou esse quiz